banner-ar

الخطر اليهودى : (Record no. 66854)

MARC details
000 -الفاتح
حقل البيانات ثابتة الطول 01190nam a2200289Ia 4500
005 - وقت وتاريخ اخر تعامل مع التسجيلة
رقم الضبط 20240530110943.0
008 - عناصر البيانات ثابتة الطول - معلومات عامة
حقل البيانات ثابتة الطول 140319s1980 xx 000 0 ara d
040 ## - مصدر الفهرسة
وكالة الفهرسة الأصلية GCL /
وكالة النسخ GCL
082 04 - رقم تصنيف ديوى العشرى
رقم التصنيف 366.1 /
رقم المادة هـ ب
100 1# - المدخل الرئيسى - إسم شخصى
الإسم الشخصى تيودور هرتزل
245 10 - بيان العنوان
العنوان الخطر اليهودى :
بقية العنوان بروتوكولات حكماء صهيون /
بيان المسئوليه,etc تاليف هرتزل ، تيودور ؛ مترجم محمد خليفة التونسى ، سلمان بن فهد العودة ؛ مقدم عباس محمود العقاد
250 ## - بيان الطبعة
بيان الطبعة الخامسة
260 ## - PUBLICATION, DISTRIBUTION, ETC. (IMPRINT)
تاريخ النشر أو التوزيع 1980
300 ## - الوصف المادى
التعداد 202 ص؛
أبعاد الوعاء 24 سم
650 04 - المدخل الاضافى بالموضوع-مصطلح موضوعى
مصطلح موضوعي الاحوال الاجتماعية
650 04 - المدخل الاضافى بالموضوع-مصطلح موضوعى
مصطلح موضوعي النزاع العربى الاسرائيلى
650 04 - المدخل الاضافى بالموضوع-مصطلح موضوعى
مصطلح موضوعي اليهودية
650 04 - المدخل الاضافى بالموضوع-مصطلح موضوعى
مصطلح موضوعي البروتوكلات
650 04 - المدخل الاضافى بالموضوع-مصطلح موضوعى
مصطلح موضوعي اليهود
650 04 - المدخل الاضافى بالموضوع-مصطلح موضوعى
مصطلح موضوعي اليهود - تاريخ
650 04 - المدخل الاضافى بالموضوع-مصطلح موضوعى
مصطلح موضوعي احتلال فلسطين
700 1# - المدخل الاضافى - اسم شخصى
الإسم الشخصى محمد خليفة التونسى
الدور مترجم
700 1# - المدخل الاضافى - اسم شخصى
الإسم الشخصى سلمان بن فهد العودة
الدور مترجم
700 1# - المدخل الاضافى - اسم شخصى
الإسم الشخصى عباس محمود العقاد
الدور مقدم
942 ## - عناصر المدخل الإضافي( كوها)
مصدر التصنيف او مخطط الترفيف Dewey Decimal Classification
Koha [default] item type كتاب
260 ## - PUBLICATION, DISTRIBUTION, ETC. (IMPRINT)
-- القاهرة :
-- دار نون،
Holdings
حالة التراجع حالة الفقد حالة تلف ليس للاعارة المكان المؤقت الموقع الحالى موقع الترفيف تاريخ الاكتساب اجمالي اﻻعارات رقم الطلب الباركود تاريخ اخر مشاهدة تاريخ تفعيل السعر نوع وعاء كوها
        مكتبة القاهرة الكبرى مكتبة القاهرة الكبرى ق الرئيسية_العلوم الاجتماعية_ك عربى 11/10/2022   366.1 / هـ ب 168814 11/10/2022 11/10/2022 كتاب

Powered By

EGPV